| 000 | 01304nam a22002535i 4500 | ||
|---|---|---|---|
| 001 | 160542 | ||
| 003 | ES-MaACL | ||
| 005 | 20251002202536.0 | ||
| 008 | 000406s1878 sp |||| | spa d | ||
| 040 |
_aCAM _bspa _cCAM |
||
| 100 | 1 |
_aNavarro, Calisto. _9130413 |
|
| 245 | 1 | 0 |
_aTernera, 7, tercero _b: juguete cómico-lírico en un acto y en verso / _coriginal de Calisto Navarro y Manuel Cuartero ; música del maestro Isidoro Hernández. |
| 260 |
_aMadrid : _b[Alonso Gullon editor], _c1878 ( _fEstablecimiento tipográfico de J.C. Conde y compañía) |
||
| 300 |
_a26 p. ; _c19 cm. |
||
| 490 | 1 | _aEl teatro: colección de obras dramáticas y líricas | |
| 500 | _aEn port.: Estrenado en Madrid en el Teatro de Eslava la noche del 25 de mayo de 1878. | ||
| 500 | _aSolo la letra. | ||
| 596 | _aEd. y mención de serie tomados de la cub. | ||
| 700 | 1 | 1 |
_aCuartero, Manuel. _9126653 |
| 700 | 1 |
_aHernández, Isidoro, _d1847-1888 _9127916 |
|
| 830 | 0 | 3 |
_aEl teatro: colección de obras dramática y líricas _9221753 |
| 852 |
_aES-MaACL _jF-8578(6) _z-- Enc. pasta española _z-- Dedicatoria ms. de los autores a Angel Povedano _q-- Falto de la cub. original _z-- Enc. en un vol. facticio ormando parte de la col. facticia Teatro español moderno, vol. 31 |
||
| 999 |
_c160542 _d160542 |
||